<?xml version="1.0" encoding="UTF-8"?>
<record
    xmlns:xsi="http://www.w3.org/2001/XMLSchema-instance"
    xsi:schemaLocation="http://www.loc.gov/MARC21/slim http://www.loc.gov/standards/marcxml/schema/MARC21slim.xsd"
    xmlns="http://www.loc.gov/MARC21/slim">

  <leader>02354nam a2200349 a 4500</leader>
  <controlfield tag="001">000017815</controlfield>
  <controlfield tag="003">DO-SdBNP</controlfield>
  <controlfield tag="005">20250115114737.0</controlfield>
  <controlfield tag="007">ta</controlfield>
  <controlfield tag="008">100406t2003    dr            000 0bspa d</controlfield>
  <datafield tag="020" ind1=" " ind2=" ">
    <subfield code="a">9993455512</subfield>
  </datafield>
  <datafield tag="040" ind1=" " ind2=" ">
    <subfield code="a">DO-SdBNP</subfield>
    <subfield code="b">spa</subfield>
    <subfield code="c">BNPHU</subfield>
  </datafield>
  <datafield tag="082" ind1=" " ind2="4">
    <subfield code="a">923.77295</subfield>
    <subfield code="b">H831g, 2003</subfield>
    <subfield code="2">22</subfield>
  </datafield>
  <datafield tag="100" ind1="1" ind2=" ">
    <subfield code="a">Garc&#xED;a Carrasco, F&#xE9;lix,</subfield>
    <subfield code="d">1920-2008</subfield>
    <subfield code="9">25358</subfield>
  </datafield>
  <datafield tag="245" ind1="1" ind2="3">
    <subfield code="a">El evangelio vivo de Hostos /</subfield>
    <subfield code="c">F&#xE9;lix Garc&#xED;a Carrasco ; pr&#xF3;logo Tony Raful ; editor Tom&#xE1;s Castro Burdiez.</subfield>
  </datafield>
  <datafield tag="250" ind1=" " ind2=" ">
    <subfield code="a">2a. ed.</subfield>
  </datafield>
  <datafield tag="260" ind1=" " ind2=" ">
    <subfield code="a">Santo Domingo :</subfield>
    <subfield code="b">Secretar&#xED;a de Estado de Cultura :</subfield>
    <subfield code="b">Educarte,</subfield>
    <subfield code="c">2003.</subfield>
  </datafield>
  <datafield tag="300" ind1=" " ind2=" ">
    <subfield code="a">235 p. ;</subfield>
    <subfield code="c">22 cm.</subfield>
  </datafield>
  <datafield tag="500" ind1=" " ind2=" ">
    <subfield code="a">Incluye la cronolog&#xED;a de fechas importantes en la vida de Hostos.</subfield>
  </datafield>
  <datafield tag="500" ind1=" " ind2=" ">
    <subfield code="a">Incluye referencias bibliogr&#xE1;ficas y notas al pie de las p&#xE1;ginas.</subfield>
  </datafield>
  <datafield tag="504" ind1=" " ind2=" ">
    <subfield code="a">Bibliograf&#xED;a : p. 235.</subfield>
  </datafield>
  <datafield tag="505" ind1="0" ind2=" ">
    <subfield code="a">pr&#xF3;logo --</subfield>
    <subfield code="t">Tony Raful --</subfield>
    <subfield code="t">El evangelio vivo de Hostos --</subfield>
    <subfield code="t">El desconocimiento de Hostos --</subfield>
    <subfield code="t">La perspectiva hist&#xF3;rica --</subfield>
    <subfield code="t">La independencia intelectual /</subfield>
    <subfield code="r">Horace Mann --</subfield>
    <subfield code="t">La pedagog&#xED;a Hostosiana ;</subfield>
    <subfield code="t">Su concepto de la universidad ;</subfield>
    <subfield code="t">Su concepto de patria ;</subfield>
    <subfield code="t">Su concepto de humanidad;</subfield>
    <subfield code="t">Su lucha feminista --</subfield>
    <subfield code="t">Pedagog&#xED;a y sistemas pedag&#xF3;gicos --</subfield>
    <subfield code="t">El escenario geogr&#xE1;fico ;</subfield>
    <subfield code="t">I. El caballo de la madrina ;</subfield>
    <subfield code="t">II. Lil&#xED;s se cansa peri&#xF3;dicamente de la presidencia ;</subfield>
    <subfield code="t">Hostos en Chile --</subfield>
    <subfield code="t">El escenario humano --</subfield>
    <subfield code="t">El panorama hist&#xF3;rico ;</subfield>
    <subfield code="t">Europa despues de Napole&#xF3;n ;</subfield>
    <subfield code="t">La Espa&#xF1;a del siglo XIX ;</subfield>
    <subfield code="t">Hostos y Espa&#xF1;a ;</subfield>
    <subfield code="t">Hostos y el Krausismo espa&#xF1;ol ;</subfield>
    <subfield code="t">La sociolog&#xED;a en Hispanoam&#xE9;rica ;</subfield>
    <subfield code="t">Hostos y el socialismo --</subfield>
    <subfield code="t">Filosof&#xED;a y religi&#xF3;n --</subfield>
    <subfield code="t">El alcance de su pr&#xE9;dica --</subfield>
    <subfield code="t">El ideal de civilizaci&#xF3;n --</subfield>
    <subfield code="t">S&#xF3;crates, Comenio y Hostos ;</subfield>
    <subfield code="t">S&#xF3;crates ;</subfield>
    <subfield code="t">Comenio ;</subfield>
    <subfield code="t">Hostos --</subfield>
    <subfield code="t">Los ultimos caminos --</subfield>
    <subfield code="t">La Rep&#xFA;blica Dominicana despu&#xE9;s de Hostos --</subfield>
    <subfield code="g">Conclusiones --</subfield>
    <subfield code="g">&#xCD;ndice de fechas importantes en la vida de Hostos.</subfield>
  </datafield>
  <datafield tag="590" ind1=" " ind2=" ">
    <subfield code="a">Inventariado, 2020/VM</subfield>
  </datafield>
  <datafield tag="600" ind1="1" ind2="0">
    <subfield code="a">Hostos, Eugenio Mar&#xED;a de,</subfield>
    <subfield code="d">1839-1903</subfield>
    <subfield code="9">1352</subfield>
  </datafield>
  <datafield tag="650" ind1=" " ind2="4">
    <subfield code="a">Educaci&#xF3;n</subfield>
    <subfield code="z">Rep&#xFA;blica Dominicana</subfield>
    <subfield code="x">Historia</subfield>
    <subfield code="9">13100</subfield>
  </datafield>
  <datafield tag="651" ind1=" " ind2="4">
    <subfield code="a">Rep&#xFA;blica Dominicana</subfield>
    <subfield code="x">Condiciones sociales</subfield>
    <subfield code="x">Historia</subfield>
    <subfield code="9">1211</subfield>
  </datafield>
  <datafield tag="700" ind1="1" ind2=" ">
    <subfield code="a">Raful, Tony,</subfield>
    <subfield code="d">1951-</subfield>
    <subfield code="e">pr&#xF3;l.</subfield>
    <subfield code="9">1377</subfield>
  </datafield>
  <datafield tag="700" ind1=" " ind2=" ">
    <subfield code="a">Castro, Tom&#xE1;s,</subfield>
    <subfield code="d">1959-</subfield>
    <subfield code="e">ed.</subfield>
    <subfield code="9">24641</subfield>
  </datafield>
  <datafield tag="710" ind1="1" ind2=" ">
    <subfield code="a"> Rep&#xFA;blica Dominicana.</subfield>
    <subfield code="b"> Secretar&#xED;a de Estado de Cultura</subfield>
    <subfield code="9">6453</subfield>
  </datafield>
  <datafield tag="910" ind1=" " ind2=" ">
    <subfield code="a">Validado. Control de calidad EMS</subfield>
  </datafield>
  <datafield tag="942" ind1=" " ind2=" ">
    <subfield code="2">ddc</subfield>
    <subfield code="c">LBS1</subfield>
  </datafield>
  <datafield tag="952" ind1=" " ind2=" ">
    <subfield code="0">0</subfield>
    <subfield code="1">0</subfield>
    <subfield code="2">ddc</subfield>
    <subfield code="5">6</subfield>
    <subfield code="7">0</subfield>
    <subfield code="8">DS</subfield>
    <subfield code="a">BNPHU</subfield>
    <subfield code="b">BNPHU</subfield>
    <subfield code="c">HD</subfield>
    <subfield code="d">2010-09-27</subfield>
    <subfield code="o">BNPHU DS 923.77295 H831g 2003</subfield>
    <subfield code="p">17815-30</subfield>
    <subfield code="r">2020-06-25</subfield>
    <subfield code="t">e.3</subfield>
    <subfield code="w">2020-06-25</subfield>
    <subfield code="y">LBS1</subfield>
  </datafield>
  <datafield tag="952" ind1=" " ind2=" ">
    <subfield code="0">0</subfield>
    <subfield code="1">0</subfield>
    <subfield code="2">ddc</subfield>
    <subfield code="5">1</subfield>
    <subfield code="7">0</subfield>
    <subfield code="8">PD</subfield>
    <subfield code="a">BNPHU</subfield>
    <subfield code="b">BNPHU</subfield>
    <subfield code="c">HD</subfield>
    <subfield code="d">2010-04-06</subfield>
    <subfield code="o">BNPHU PD 923.77295 H831g 2003</subfield>
    <subfield code="p">17815-10</subfield>
    <subfield code="r">2020-06-25</subfield>
    <subfield code="w">2020-06-25</subfield>
    <subfield code="y">LBS1</subfield>
  </datafield>
  <datafield tag="952" ind1=" " ind2=" ">
    <subfield code="0">0</subfield>
    <subfield code="1">0</subfield>
    <subfield code="2">ddc</subfield>
    <subfield code="5">1</subfield>
    <subfield code="7">0</subfield>
    <subfield code="8">PD</subfield>
    <subfield code="a">BNPHU</subfield>
    <subfield code="b">BNPHU</subfield>
    <subfield code="c">HD</subfield>
    <subfield code="d">2010-04-06</subfield>
    <subfield code="o">BNPHU PD 923.77295 H831g 2003</subfield>
    <subfield code="p">17815-20</subfield>
    <subfield code="r">2020-06-25</subfield>
    <subfield code="t">e.2</subfield>
    <subfield code="w">2020-06-25</subfield>
    <subfield code="y">LBS1</subfield>
  </datafield>
  <datafield tag="952" ind1=" " ind2=" ">
    <subfield code="0">0</subfield>
    <subfield code="1">0</subfield>
    <subfield code="2">ddc</subfield>
    <subfield code="5">6</subfield>
    <subfield code="7">0</subfield>
    <subfield code="8">DS</subfield>
    <subfield code="a">BNPHU</subfield>
    <subfield code="b">BNPHU</subfield>
    <subfield code="c">HD</subfield>
    <subfield code="d">2023-02-02</subfield>
    <subfield code="e">Donaci&#xF3;n</subfield>
    <subfield code="o">BNPHU DS 923.77295 H831g 2003</subfield>
    <subfield code="p">2023-0574</subfield>
    <subfield code="r">2023-02-02</subfield>
    <subfield code="t">e.4</subfield>
    <subfield code="w">2023-02-02</subfield>
    <subfield code="y">LBS1</subfield>
  </datafield>
  <datafield tag="999" ind1=" " ind2=" ">
    <subfield code="c">17339</subfield>
    <subfield code="d">17339</subfield>
  </datafield>
</record>
